| 000 | 00616nmm a2200217 a 4500 | ||
|---|---|---|---|
| 003 | AR-BaBNM | ||
| 005 | 20251128211322.0 | ||
| 008 | 194020s1996 ||||||||||||||000 | spa|| | ||
| 020 | _a987-99986-2-6 | ||
| 040 | _cAR-BaBNM | ||
| 100 | 1 | _aJankilevich, Angel | |
| 245 | 1 | 0 |
_aTeorÃa pura de la comunicación social _bel mensaje es la libertad |
| 260 |
_aBuenos Aires _bEdiciones Gama _c1996 |
||
| 300 | 0 | _a122 p. | |
| 650 | 4 | _aTEORIA DE LA COMUNICACION | |
| 650 | 4 | _aCOMUNICACION SOCIAL | |
| 650 | 4 | _aSOCIOLOGIA DE LA COMUNICACION | |
| 700 | 1 |
_aLibman, Jorge _eilustrador |
|
| 942 | _cBK | ||
| 998 | _calexandra | ||
| 999 |
_c19137 _d19137 |
||